000 01183cab a2200217 4500
001 ##L133290
008 060426n2006 000 0 eng u
035 _a(Sirsi) u133290
041 0 _aeng
050 0 4 _a690.2 $2 18
110 1 _aUnited Kingdom
_bOffice of the Deputy Prime Minister
245 _aHousing Health and Safety Rating System (HHSRS)
260 _aLondon
_bODPM
_c2006
520 _aThe Housing Health and Safety Rating System (HHSRS) is the new risk assessment procedure for residential properties introduced under powers in the Housing Act 2004. HHSRS replaces the Housing Fitness Regime from 6 April 2006 in England (Wales later in 2006). It also replaces the Fitness Standard as an element of the Decent Homes Standard. This webpage provide links to the full range of ODPM information on HHSRS.
650 2 4 _aHOUSING ACT 2004 PART I
650 2 4 _aDCLG DECENT HOMES STANDARD
651 4 _aEngland
_y886-
690 _aPROPERTY-RESIDENTIAL PROPERTY-RESIDENTIAL LANDLORD AND TENANT-RESIDENTIAL LANDLORD AND TENANT REFORM
856 4 0 _uhttps://www.communities.gov.uk/index.asp?id=1152820
_zView the DCLG pages free of charge at www.dclg.gov.uk...
942 _n0
999 _c76912
_d76912